000 002780000a22001330004500
001 005664
003 MACL
040 _aMACL
090 _c17657
_d17656
245 _aTaaleem Nama
_bAli Deobandi Molvi Zulfiqar
350 _a1.25
650 _aUrdu Literature
942 _k891
_cBook
999 _c17546
_d17546